The Popcorn essayists : (Record no. 165003)

MARC details
000 -LEADER
fixed length control field 00544nam a2200169 4500
010 ## - LCCN (DPL NO)
LC control number ENG-125447
020 ## - INTERNATIONAL STANDARD BOOK NUMBER
International Standard Book Number 9789380658353
Terms of availability 550.00
035 ## - SYSTEM CONTROL NUMBER
System control number EN-108979
037 ## - SOURCE OF ACQUISITION
Source of stock number/acquisition DBAD/PUB
082 ## - DEWEY DECIMAL CLASSIFICATION NUMBER
Classification number 828
245 ## - TITLE STATEMENT
Title The Popcorn essayists :
Remainder of title what movies do to writers /
Statement of responsibility, etc edited by Jai Arjun Singh.
260 ## - PUBLICATION, DISTRIBUTION, ETC. (IMPRINT)
Place of publication, distribution, etc Chennai
Name of publisher, distributor, etc Tranquebar Press
Date of publication, distribution, etc 2013
270 ## - ADDRESS
Address Venkat Towers, 165, P.H.Road, Maduravoyal
City Chennai
Postal code 600095
300 ## - PHYSICAL DESCRIPTION
Extent xiii, 227 p.
Dimensions 21cm(Hb)
700 ## - ADDED ENTRY--PERSONAL NAME
Personal name Singh, Jai Arjun.
942 ## - ADDED ENTRY ELEMENTS (KOHA)
Source of classification or shelving scheme Dewey Decimal Classification
Item type English Books
Classification part 828
Call number suffix THE
Holdings
Withdrawn status Lost status Not for loan Collection code Home library Current library Date acquired Source of acquisition Cost, normal purchase price Full call number Barcode Copy number Cost, replacement price Koha item type
      Non-fiction Central Library Central Library 31/05/2019 DBAD/PUB 550.00 828 THE EN-108979 1 550.00 English Books

© Delhi Public Library
Hit Counter
free hit counter